Melbourne journal of politics

Detalles Bibliográficos
Formato: Desconocido
Lenguaje:inglés
Publicado: Parkville, Victoria, Australia : Melbourne University Political Science Society
Materias:
Acceso en línea:Acceso restringido

MARC

LEADER 00000ny a22000003n 4500
005 2011051102572.0
008 950612c19689999at uu eng
022 |a 0085-3224 
035 |a 2909 
040 |a BUS  |d vLex 
090 |c 1637  |d 1637 
245 3 0 |a Melbourne journal of politics  |h [Recurso electrn̤ico] 
256 |a Servicio en ln̕ea 
260 |a Parkville, Victoria, Australia :  |b Melbourne University Political Science Society 
506 1 |a Contenido solo disponible en los productos indicados  |d vLex Global  |d vLex Global (Academic Edition, excluding Law Schools)  |d vLex Global (Academic Edition, Law Schools) 
650 0 4 |a Ciencias polt̕icas  |x Publicaciones perid̤icas 
650 0 4 |a Political science 
650 0 4 |a International Relations/International Justice 
740 0 |a vLex Revista (Servicios en ln̕ea) 
843 |a Electrn̤ica. Abierta 
853 |8 1  |i (year)  |j (month)  |k (day) 
856 4 0 |u http://vlex.com/source/2909  |z Acceso restringido 
942 |c REV